[Event "SVK-ch U10"]
[Site "Liptovsky Mikulas"]
[Date "2016.04.18"]
[Round "4"]
[White "Rakovsky, Jakub"]
[Black "Motyciak, Tomas"]
[Result "0-1"]
[WhiteElo "1000"]
[BlackElo "1089"]
[PlyCount "96"]
[EventDate "2016.04.16"]
[EventType "swiss"]
[EventRounds "9"]
[EventCountry "SVK"]
[SourceTitle "CBM 172 Extra"]
[Source "ChessBase"]
[SourceDate "2016.06.21"]
[SourceVersion "1"]
[SourceVersionDate "2016.06.21"]
[SourceQuality "1"]

1. e4 e6 2. Nf3 d5 3. e5 f6 4. g3 Nc6 5. d4 Bd7 6. Bg2 Nb8 7. Nc3 c5 8. Be3 Qb6 9. b3 Nc6 10. 0-0 Nh6 11. a4 Nf5 12. Qd3 Nxe3 13. Qxe3 cxd4 14. Nxd4 Qxd4 15. Qxd4 Nxd4 16. Rac1 fxe5 17. Na2 Rc8 18. c3 Nxb3 19. Rc2 Nd4 20. Rd2 Nb3 21. Re2 Bd6 22. f4 exf4 23. gxf4 0-0 24. Ref2 Bc5 25. Bh3 Bxf2+ 26. Rxf2 Kh8 27. Kg2 Rfe8 28. Bg4 Bxa4 29. Re2 Bd7 30. Re3 Na5 31. Nb4 Nc4 32. Rg3 Nd6 33. Nxd5 Rc5 34. Nf6 gxf6 35. Bh5 Rg8 36. Rxg8+ Kxg8 37. Bf7+ Kxf7 38. f5 Rxc3 39. h4 h5 40. fxe6+ Bxe6 41. Kf2 a5 42. Ke2 a4 43. Kd2 Rb3 44. Kc2 a3 45. Kd2 a2 46. Kc2 a1Q 47. Kd2 Qa2+ 48. Kc1 Rb1# 0-1

[Event "SVK-ch U08"]
[Site "Tatralandia"]
[Date "2015.04.23"]
[Round "7"]
[White "Jurky, Marian"]
[Black "Motyciak, Tomas"]
[Result "0-1"]
[WhiteElo "1000"]
[BlackElo "1000"]
[PlyCount "54"]
[EventDate "2015.04.18"]
[EventType "tourn"]
[EventRounds "9"]
[EventCountry "SVK"]
[SourceTitle "CBM 166 Extra"]
[Source "ChessBase"]
[SourceDate "2015.06.18"]
[SourceVersion "1"]
[SourceVersionDate "2015.06.18"]
[SourceQuality "1"]

1. e4 e5 2. d4 exd4 3. Qxd4 Nc6 4. Qe3 Bb4+ 5. c3 Ba5 6. Bc4 d6 7. Bb5 Nf6 8. Bxc6+ bxc6 9. f3 0-0 10. Nd2 Re8 11. Ne2 d5 12. e5 Bb6 13. Nd4 Nd7 14. c4 Rxe5 15. Ne4 Nf6 16. Nxc6 Bxe3 17. Nxd8 Bxc1 18. Rxc1 dxe4 19. f4 Rc5 20. Rd1 Rxc4 21. Nc6 Bg4 22. Rd8+ Rxd8 23. 0-0 Rxc6 24. h3 Be2 25. Rf2 Rc2 26. Kh2 Rd5 27. g4 Bd3 0-1

[Event "SVK-ch U08"]
[Site "Tatralandia"]
[Date "2015.04.20"]
[Round "4"]
[White "Motyciak, Tomas"]
[Black "Janik, Marek Tobias"]
[Result "1-0"]
[WhiteElo "1000"]
[BlackElo "1063"]
[PlyCount "83"]
[EventDate "2015.04.18"]
[EventType "tourn"]
[EventRounds "9"]
[EventCountry "SVK"]
[SourceTitle "CBM 166 Extra"]
[Source "ChessBase"]
[SourceDate "2015.06.18"]
[SourceVersion "1"]
[SourceVersionDate "2015.06.18"]
[SourceQuality "1"]

1. e4 c5 2. Nf3 e6 3. Bc4 Nc6 4. d4 cxd4 5. Nxd4 Qc7 6. 0-0 a6 7. Nc3 Nf6 8. Re1 Bd6 9. Nf3 0-0 10. Bg5 Be7 11. e5 Nxe5 12. Nxe5 Nd5 13. Bxe7 Nxe7 14. Qg4 f5 15. Qe2 b5 16. Bb3 Bb7 17. a4 b4 18. Na2 a5 19. Rad1 d5 20. c3 Ba6 21. Qe3 f4 22. Qd4 Nf5 23. Qd2 Nd6 24. cxb4 Ne4 25. Qd4 axb4 26. Nxb4 Bb7 27. Nxd5 exd5 28. Bxd5+ Bxd5 29. Qxd5+ Kh8 30. Qxe4 Rae8 31. Ra1 Rxe5 32. Qxe5 Qxe5 33. Rxe5 h6 34. a5 Ra8 35. a6 Kh7 36. a7 Kg6 37. Rb5 Kf6 38. Rb8 Rxb8 39. axb8Q Kf5 40. Ra4 g5 41. Qb5+ Ke6 42. Ra6+ 1-0